=LDR 00000nam 2200000 4500 =001 INLIS000000000035644 =005 20130612141503 =008 ***********************************Ind** =035 ##$$0010-061300000035644 =041 ##$$a Ind =082 ##$$a 628.57 =090 ##$$a 628.53, Far p =100 ##$$a Fardiaz,Srikandi =245 ##$$a Polusi Air dan Udara, Srikandi Fardiaz =260 ##$$a 1992 $b Yoyakarta6 =300 ##$$a 118 hlm., ilus., 21 cm =650 ##$$a Sanitasi =850 ##$$a NBPNMAT =990 ##$$a 90997/BPAP-NTB/2014 =990 ##$$a 0001/BPAP-NTB/20142015